000 00736nam a22002417a 4500
003 dpl
005 20180802131124.0
008 180802b xxu||||| |||| 00| 0 eng d
010 _aB-223544
016 _aB-223544
020 _c680.00
_a8176297291
035 _aB-223544
037 1 4 _bBPPD/PUB
040 _c0
082 1 _a338.04
100 1 _aSaxena, Anand
245 _aEntrepreneurship motivation, performance and rewards /
_cby Anand Saxena, R.A. Sharma
260 _aNew delhi
_bDeep and deep publications pvt. Ltd
_c2005
270 _aF-159, Rajouri garden
_bNew delhi
_e110027
300 _axx, 335p.
_c21cm (Hb)
700 _aSharma.R.A
942 _adpl
_cEN
_k338.04 / SAX
_2ddc
_h338.04
_mSAX
999 _c155303
_d155303